000 00275nam a22001217a 4500
008 170505b xxu||||| |||| 00| 0 eng d
041 _aeng
080 _a342
100 _a14
101 _aSHJ
245 _aMUNICIPAL POLICY ADMINISTRATION
_cEASTMAN.G.D
942 _2udc
_cBK
999 _c12817
_d12817